Statistics for Countries with Four Letters Quiz

Click here to take the quiz!

General Stats

  • This quiz has been taken 186,086 times
    (186,041 since last reset)
  • The average score is 8 of 10

Answer Stats

ContinentCountry% Correct
South AmericaPeru
92%
North AmericaCuba
83%
AfricaChad
82%
OceaniaFiji
81%
AsiaIran
77%
AsiaIraq
76%
AsiaLaos
75%
AfricaMali
73%
AfricaTogo
71%
AsiaOman
71%

Score Distribution

Percentile by Number Answered

Percent of People with Each Score

Your Score History

You have not taken this quiz since the last reset